Responsabilidade objetiva e subjetiva do empregador em face do novo código civil / (Record no. 732)

MARC details
000 -LÍDER
Campo Fixo de Controle 00855nam a2200265 a 4500
001 - NÚMERO DE CONTROLE
Campo de Controle 732
003 - IDENTIFICAÇÃO DO NÚMERO DE CONTROLE
Campo de Controle BR-CuiBMT
005 - DATA E HORA DA ÚLTIMA ATUALIZAÇÃO
Campo de Controle 20231114222358.0
008 - DADOS FIXOS
Dados Fixos 230929s2008 spb 000 0 por d
020 ## - INTERNATIONAL STANDARD BOOK NUMBER
Nº do ISBN 9788536112015
040 ## - AGÊNCIA CATALOGADORA
Código da Agência Catalogadora BR-CuiBMT
Agência que transcreveu o registro BR-CuiBMT
080 ## - Nº DA CLASSIFICAÇÃO DECIMAL UNIVERSAL
Nº Class. CDU 347.51:331.1
Nº edição CDU 2007
090 ## - NÚMERO DE CHAMADA
Nº classificação 347.51:331.1
Cutter S237r
Ano/Edição 2. ed.
100 1# - ENTRADA PRINCIPAL -- AUTOR PESSOAL
Nome pessoal Santos, Enoque Ribeiro dos,
Datas associadas ao nome 1954-
245 10 - TÍTULO PRINCIPAL
Título principal Responsabilidade objetiva e subjetiva do empregador em face do novo código civil /
Indicação de responsabilidade Enoque Ribeiro dos Santos.
250 ## - EDIÇÃO
Edição 2. ed., rev. e ampli.
260 ## - PUBLICAÇÃO, DISTRIBUIÇÃO, ETC.
Local de publicação São Paulo :
Editora LTr,
Data 2008.
300 ## - DESCRIÇÃO FÍSICA
N. páginas ou volumes 288 p. :
Dimensões 24 cm
504 ## - NOTA DE BIBLIOGRAFIA, ETC.
Nota de bibliografia Inclui bibliografia.
650 ## - ASSUNTO TÓPICO
Cabeçalho tópico ou nome geográfico Direito civil
Subdivisão geral Legislação
Subdivisão geográfica Brasil
650 ## - ASSUNTO TÓPICO
Cabeçalho tópico ou nome geográfico Direito do trabalho
Subdivisão geográfica Brasil
650 ## - ASSUNTO TÓPICO
Cabeçalho tópico ou nome geográfico Empregadores
Subdivisão geral Responsabilidades
650 ## - ASSUNTO TÓPICO
Cabeçalho tópico ou nome geográfico Direito processual civil
942 ## - ELEMENTOS DE ENTRADA ADICIONAIS (KOHA)
Fonte de classificação ou esquema de arquivamento Classificação Decimal Universal
Tipo de item do Koha Livros
Holdings
Estado: removido Estado: perdido Fonte de classificação ou esquema de arquivamento Estado: danificado Indisponível para empréstimo Localização permanente Localização atual Data de aquisição Total Checkouts Número de Chamada completo Código de barras Date last seen Número do exemplar Preço efetivo a partir de Tipo de item (Koha)
    Classificação Decimal Universal     Biblioteca da Escola Superior de Contas do TCE/MT Biblioteca da Escola Superior de Contas do TCE/MT 28/04/2018   347.51:331.1 S237r 2. ed. BIBTCEMT23110592 14/11/2023 Ex. 1 14/11/2023 Livros

Powered by Koha